[Event "Göteborg Open 2017"]
[Site "Mölnlycke kulturhus, Biblioteksgatan 2, Mölnlycke, Sweden"]
[Date "2017.08.20"]
[Round "7.9"]
[White "Onyango, Adia"]
[Black "Outgajjouft, Said"]
[Result "0-1"]
[BlackElo "2026"]
[WhiteElo "1733"]
[LiveChessVersion "1.4.8"]

1. d4 {[%clk 1:29:31]} Nf6 {[%clk 1:30:31]} 2. c4 {[%clk 1:29:52]} g6
{[%clk 1:30:33]} 3. Nc3 {[%clk 1:30:17]} Bg7 {[%clk 1:30:53]} 4. e4
{[%clk 1:30:46]} d6 {[%clk 1:31:15]} 5. Nf3 {[%clk 1:31:15]} O-O {[%clk 1:31:20]}
6. Be2 {[%clk 1:31:43]} Nbd7 {[%clk 1:30:54]} 7. O-O {[%clk 1:32:10]} h6
{[%clk 1:26:47]} 8. Re1 {[%clk 1:31:47]} Kh7 {[%clk 1:17:56]} 9. e5 Ng8
{[%clk 1:15:12]} 10. e6 {[%clk 0:59:10]} fxe6 {[%clk 1:01:59]} 11. Bd3
{[%clk 0:58:54]} Bf6 {[%clk 0:47:04]} 12. Qc2 {[%clk 0:51:35]} Qe8
{[%clk 0:46:33]} 13. Rxe6 {[%clk 0:51:49]} Qf7 {[%clk 0:36:37]} 14. Re1
{[%clk 0:44:15]} c5 {[%clk 0:31:18]} 15. d5 {[%clk 0:41:09]} Ne5 {[%clk 0:31:28]}
16. Nxe5 {[%clk 0:33:28]} Bxe5 {[%clk 0:31:35]} 17. Be3 {[%clk 0:28:42]} Bf5
{[%clk 0:31:27]} 18. Ne4 {[%clk 0:27:54]} Rae8 {[%clk 0:16:19]} 19. Ng3
{[%clk 0:24:33]} Bxb2 {[%clk 0:12:01]} 20. Rab1 {[%clk 0:24:22]} Bxd3
{[%clk 0:11:57]} 21. Qxd3 {[%clk 0:24:09]} Qg7 {[%clk 0:11:49]} 22. Re2
{[%clk 0:21:02]} Bd4 {[%clk 0:11:51]} 23. Bxd4 {[%clk 0:17:28]} Qxd4
{[%clk 0:12:17]} 24. Qxd4 {[%clk 0:17:14]} cxd4 {[%clk 0:12:41]} 25. Rxb7
{[%clk 0:16:00]} Rc8 {[%clk 0:11:40]} 26. Rb4 {[%clk 0:12:58]} d3
{[%clk 0:10:56]} 27. Rd2 {[%clk 0:13:11]} Rf4 {[%clk 0:11:23]} 28. Rxd3
{[%clk 0:12:23]} Rcxc4 {[%clk 0:11:24]} 29. Rxc4 {[%clk 0:11:53]} Rxc4
{[%clk 0:11:52]} 30. Nf1 {[%clk 0:08:39]} Ra4 {[%clk 0:12:09]} 31. a3
{[%clk 0:08:59]} Kg7 {[%clk 0:12:22]} 32. Ne3 {[%clk 0:09:17]} Nf6
{[%clk 0:12:24]} 33. Kf1 {[%clk 0:09:04]} Ng4 {[%clk 0:07:12]} 34. Nxg4
{[%clk 0:08:26]} Rxg4 {[%clk 0:07:40]} 35. f3 {[%clk 0:08:46]} Rc4
{[%clk 0:07:49]} 36. Kf2 {[%clk 0:07:59]} Rc2+ {[%clk 0:08:13]} 37. Kg3
{[%clk 0:08:26]} Ra2 {[%clk 0:08:30]} 38. Kh3 {[%clk 0:08:12]} a5
{[%clk 0:08:49]} 39. f4 {[%clk 0:06:27]} a4 {[%clk 0:08:27]} 40. g4
{[%clk 0:05:54]} g5 {[%clk 0:08:20]} 41. fxg5 {[%clk 0:05:33]} hxg5
{[%clk 0:08:48]} 42. Kg3 {[%clk 0:05:54]} Rb2 {[%clk 0:09:08]} 43. h3
{[%clk 0:05:53]} Rb3 {[%clk 0:09:31]} 44. Rf3 {[%clk 0:06:19]} Kg6
{[%clk 0:07:42]} 45. Kf2 {[%clk 0:06:06]} Rxf3+ {[%clk 0:06:17]} 46. Kxf3
{[%clk 0:06:34]} Kf6 {[%clk 0:06:42]} 47. Ke4 {[%clk 0:05:55]} e6
{[%clk 0:07:05]} 48. Kd4 {[%clk 0:04:02]} exd5 {[%clk 0:07:31]} 49. Kxd5
{[%clk 0:04:18]} Ke7 {[%clk 0:07:58]} 50. Kc4 {[%clk 0:02:28]} Ke6
{[%clk 0:08:16]} 51. Kb4 {[%clk 0:02:57]} Kd5 {[%clk 0:08:38]} 52. Kc3
{[%clk 0:01:53]} Ke4 {[%clk 0:08:52]} 53. Kd2 {[%clk 0:00:53]} d5
{[%clk 0:09:00]} 54. Ke2 {[%clk 0:01:01]} d4 {[%clk 0:09:25]} 55. Kd2
{[%clk 0:01:10]} d3 {[%clk 0:09:46]} 56. Kd1 {[%clk 0:00:35]} Ke3
{[%clk 0:10:11]} 57. Ke1 {[%clk 0:00:47]} d2+ {[%clk 0:10:34]} 58. Kd1
{[%clk 0:01:12]} Kd3 {[%clk 0:11:00]} 0-1

[Event "Göteborg Open 2017"]
[Site "Mölnlycke kulturhus, Biblioteksgatan 2, Mölnlycke, Sweden"]
[Date "2017.08.20"]
[Round "7.10"]
[White "Alharash, Feras"]
[Black "Holmgren, Björn"]
[Result "1/2-1/2"]
[BlackElo "2023"]
[WhiteElo "1772"]
[LiveChessVersion "1.4.8"]

1. d4 {[%clk 1:30:51]} Nf6 {[%clk 1:25:31]} 2. c4 {[%clk 1:31:03]} d6
{[%clk 1:25:51]} 3. Nf3 {[%clk 1:31:20]} Nbd7 {[%clk 1:26:05]} 4. Nc3
{[%clk 1:31:33]} e5 {[%clk 1:25:09]} 5. dxe5 {[%clk 1:28:58]} Nxe5
{[%clk 1:20:24]} 6. e4 {[%clk 1:28:11]} Be6 {[%clk 1:05:26]} 7. Be2
{[%clk 1:25:38]} Qd7 {[%clk 1:04:40]} 8. Qb3 {[%clk 1:25:01]} Qc6
{[%clk 1:00:29]} 9. Nd4 {[%clk 1:18:48]} Qb6 {[%clk 0:59:09]} 10. Nxe6
{[%clk 1:19:04]} fxe6 {[%clk 0:59:29]} 11. Qc2 {[%clk 1:16:59]} Be7
{[%clk 0:57:49]} 12. Be3 {[%clk 1:17:03]} c5 {[%clk 0:57:59]} 13. O-O
{[%clk 1:14:47]} Nc6 {[%clk 0:55:02]} 14. Rad1 {[%clk 1:13:45]} Nd4
{[%clk 0:53:34]} 15. Bxd4 {[%clk 1:14:04]} cxd4 {[%clk 0:53:58]} 16. Na4
{[%clk 1:14:14]} Qc6 {[%clk 0:53:58]} 17. Rxd4 {[%clk 1:13:34]} e5
{[%clk 0:51:47]} 18. Rd2 {[%clk 1:09:44]} Qxe4 {[%clk 0:51:56]} 19. Qb3
{[%clk 1:09:16]} O-O {[%clk 0:49:28]} 20. Rfd1 {[%clk 1:04:55]} Kh8
{[%clk 0:49:21]} 21. Bf3 {[%clk 1:05:06]} Qh4 {[%clk 0:48:48]} 22. Qxb7
{[%clk 1:03:52]} e4 {[%clk 0:48:47]} 23. g3 {[%clk 1:03:19]} Qh6 {[%clk 0:48:51]}
24. Bxe4 {[%clk 1:00:50]} Ng4 {[%clk 0:48:31]} 25. h4 {[%clk 0:58:33]} Bxh4
{[%clk 0:48:47]} 26. gxh4 {[%clk 0:57:43]} Qxh4 {[%clk 0:49:09]} 27. Qxa8
{[%clk 0:57:56]} Qh2+ {[%clk 0:48:54]} 28. Kf1 {[%clk 0:58:11]} Ne3+
{[%clk 0:48:36]} 29. Ke2 {[%clk 0:56:08]} Rxa8 {[%clk 0:47:12]} 30. Bxa8
{[%clk 0:56:15]} Nxd1 {[%clk 0:47:21]} 31. Kxd1 {[%clk 0:54:39]} Qh5+
{[%clk 0:47:29]} 32. Kc1 {[%clk 0:54:33]} Qe8 {[%clk 0:47:30]} 33. Rxd6
{[%clk 0:53:38]} Qxa8 {[%clk 0:47:54]} 34. c5 Qf8 {[%clk 0:46:00]} 35. Rd2
{[%clk 0:54:03]} h5 {[%clk 0:46:00]} 36. c6 {[%clk 0:54:23]} Qf4 {[%clk 0:46:05]}
37. Nc3 {[%clk 0:53:22]} Qc7 {[%clk 0:44:05]} 38. Rd5 {[%clk 0:53:36]} Qxc6
{[%clk 0:44:27]} 39. Rxh5+ {[%clk 0:53:54]} Kg8 {[%clk 0:44:57]} 40. Rd5
{[%clk 0:54:06]} Qc4 {[%clk 0:44:34]} 41. Kc2 {[%clk 0:53:34]} Qf1
{[%clk 0:43:17]} 42. Rd2 {[%clk 0:53:49]} g5 {[%clk 0:43:27]} 43. b4
{[%clk 0:53:51]} Kf7 {[%clk 0:43:20]} 44. a4 {[%clk 0:53:57]} Ke6
{[%clk 0:43:13]} 45. b5 {[%clk 0:53:58]} g4 {[%clk 0:43:21]} 46. Kb3
{[%clk 0:53:06]} Kf5 {[%clk 0:42:08]} 47. a5 {[%clk 0:53:28]} Qg2
{[%clk 0:39:11]} 48. Rb2 {[%clk 0:53:41]} Qb7 {[%clk 0:39:10]} 49. Ka2
{[%clk 0:53:44]} Qc7 {[%clk 0:38:51]} 50. Kb3 {[%clk 0:48:10]} Qxa5
{[%clk 0:39:08]} 51. Ra2 {[%clk 0:46:47]} Qb6 {[%clk 0:39:28]} 52. Ra6
{[%clk 0:46:41]} Qb7 {[%clk 0:36:20]} 53. Ra4 {[%clk 0:45:36]} Kg5
{[%clk 0:36:04]} 54. Ra2 {[%clk 0:43:08]} Kh4 {[%clk 0:36:03]} 55. Kb4
{[%clk 0:40:44]} Qf7 {[%clk 0:35:56]} 56. Rb2 {[%clk 0:39:47]} Kh3
{[%clk 0:36:08]} 57. Ra2 {[%clk 0:40:07]} Kg2 {[%clk 0:36:14]} 58. Rb2
{[%clk 0:40:15]} Kf3 {[%clk 0:34:45]} 59. Ra2 {[%clk 0:40:24]} Qxa2
{[%clk 0:26:19]} 60. Nxa2 {[%clk 0:40:47]} Kxf2 {[%clk 0:26:39]} 61. Nc3
{[%clk 0:37:59]} Kf3 {[%clk 0:26:26]} 62. Kc4 {[%clk 0:36:05]} Ke3
{[%clk 0:24:02]} 63. Nd5+ {[%clk 0:35:19]} Kf3 {[%clk 0:20:11]} 64. Kd4
{[%clk 0:35:40]} g3 {[%clk 0:20:34]} 65. Ne3 {[%clk 0:35:57]} Kf4
{[%clk 0:20:43]} 66. Ng2+ {[%clk 0:36:07]} Kf3 {[%clk 0:21:02]} 67. Ne3
{[%clk 0:35:54]} Kf4 {[%clk 0:20:47]} 68. Kd3 {[%clk 0:34:21]} Kf3
{[%clk 0:21:00]} 69. Kd2 {[%clk 0:34:42]} Ke4 {[%clk 0:20:57]} 70. Ke2
{[%clk 0:29:09]} Kd4 {[%clk 0:21:20]} 71. Nf5+ {[%clk 0:29:37]} Kc5
{[%clk 0:21:44]} 72. Nxg3 {[%clk 0:30:01]} Kxb5 {[%clk 0:22:12]} 73. Kd2
{[%clk 0:30:30]} 1/2-1/2

[Event "Göteborg Open 2017"]
[Site "Mölnlycke kulturhus, Biblioteksgatan 2, Mölnlycke, Sweden"]
[Date "2017.08.20"]
[Round "8.2"]
[White "Hillarp Persson, Tiger"]
[Black "Antonsen, Mikkel"]
[Result "1/2-1/2"]
[BlackElo "2440"]
[WhiteElo "2522"]
[LiveChessVersion "1.4.8"]

1. d4 {[%clk 1:30:56]} Nf6 {[%clk 1:30:54]} 2. c4 {[%clk 1:31:22]} e6
{[%clk 1:31:21]} 3. Nc3 {[%clk 1:31:47]} d5 {[%clk 1:31:46]} 4. cxd5
{[%clk 1:32:11]} exd5 {[%clk 1:32:13]} 5. Bg5 {[%clk 1:32:31]} c6
{[%clk 1:32:40]} 6. e3 {[%clk 1:32:55]} Bf5 {[%clk 1:33:07]} 7. Qf3
{[%clk 1:32:29]} Bg6 {[%clk 1:33:33]} 8. Bxf6 {[%clk 1:32:47]} Qxf6
{[%clk 1:34:00]} 9. Qxf6 {[%clk 1:33:09]} gxf6 {[%clk 1:34:27]} 10. Nf3
{[%clk 1:32:29]} Nd7 {[%clk 1:34:50]} 11. Nh4 {[%clk 1:31:00]} Be7
{[%clk 1:35:15]} 12. g3 {[%clk 1:30:55]} Nb6 {[%clk 1:35:01]} 13. f3
{[%clk 1:13:45]} Nc8 {[%clk 1:29:07]} 14. Kf2 {[%clk 1:12:06]} Nd6
{[%clk 1:29:33]} 15. Ng2 {[%clk 1:11:31]} h6 {[%clk 1:19:28]} 16. Nf4
{[%clk 1:11:42]} Bh7 {[%clk 1:19:50]} 17. Bd3 {[%clk 1:11:04]} Bxd3
{[%clk 1:20:11]} 18. Nxd3 {[%clk 1:11:27]} f5 {[%clk 1:20:32]} 19. Rac1
{[%clk 1:05:38]} O-O {[%clk 1:17:34]} 20. Ne2 {[%clk 1:02:31]} Rfe8
{[%clk 1:15:42]} 21. Nef4 {[%clk 1:02:24]} Bg5 {[%clk 1:11:46]} 22. Rhe1
{[%clk 0:59:11]} Bxf4 {[%clk 1:10:34]} 23. Nxf4 {[%clk 0:59:23]} Kh7
{[%clk 1:10:20]} 24. Re2 {[%clk 0:54:43]} a5 {[%clk 1:09:59]} 25. a4
{[%clk 0:55:02]} Ra6 {[%clk 1:08:49]} 26. b3 {[%clk 0:54:45]} Re7
{[%clk 1:06:15]} 27. Rc5 {[%clk 0:50:09]} Ra8 {[%clk 1:04:41]} 28. Re1
{[%clk 0:49:34]} Ree8 {[%clk 1:00:12]} 29. h3 {[%clk 0:49:22]} Rg8
{[%clk 0:59:44]} 30. Rg1 {[%clk 0:48:06]} Rg5 {[%clk 0:59:07]} 31. Rh1
{[%clk 0:42:37]} Rgg8 {[%clk 0:57:58]} 32. Nh5 {[%clk 0:38:31]} Rg5
{[%clk 0:56:10]} 33. Nf4 {[%clk 0:36:37]} Rgg8 {[%clk 0:55:58]} 34. Rd1
{[%clk 0:34:49]} Rg5 {[%clk 0:55:54]} 35. Rg1 {[%clk 0:31:01]} Rgg8
{[%clk 0:55:34]} 36. Rh1 {[%clk 0:31:08]} Rg5 {[%clk 0:55:47]} 37. Rd1
{[%clk 0:31:31]} Rgg8 {[%clk 0:56:11]} 38. g4 {[%clk 0:31:42]} fxg4
{[%clk 0:50:04]} 39. hxg4 {[%clk 0:31:56]} f5 {[%clk 0:50:26]} 40. gxf5
{[%clk 0:32:15]} Rgf8 {[%clk 0:50:44]} 41. Rg1 {[%clk 0:19:46]} Rxf5
{[%clk 0:50:00]} 42. Rg6 {[%clk 0:18:48]} Rxf4 {[%clk 0:48:47]} 43. Rxd6
{[%clk 0:19:11]} Rf7 {[%clk 0:49:13]} 44. Rc1 {[%clk 0:18:55]} Raf8
{[%clk 0:47:46]} 45. f4 {[%clk 0:19:18]} Rg8 {[%clk 0:47:17]} 46. Rh1
{[%clk 0:19:05]} Rg6 {[%clk 0:47:43]} 47. Rxg6 {[%clk 0:19:15]} Kxg6
{[%clk 0:48:07]} 48. Kf3 {[%clk 0:19:34]} Rg7 {[%clk 0:43:51]} 49. Rg1+
{[%clk 0:15:23]} Kf6 {[%clk 0:44:15]} 50. Rh1 {[%clk 0:15:48]} Kg6
{[%clk 0:43:52]} 51. Rg1+ {[%clk 0:15:03]} Kf6 {[%clk 0:44:10]} 52. Rh1
{[%clk 0:15:28]} Kg6 {[%clk 0:44:36]} 53. Rg1+ 1/2-1/2

[Event "Göteborg Open 2017"]
[Site "Mölnlycke kulturhus, Biblioteksgatan 2, Mölnlycke, Sweden"]
[Date "2017.08.20"]
[Round "8.4"]
[White "Åkesson, Joel"]
[Black "Forsberg, Timmy"]
[Result "0-1"]
[BlackElo "2093"]
[WhiteElo "2296"]
[LiveChessVersion "1.4.8"]

1. c4 {[%clk 1:30:58]} c5 {[%clk 1:30:36]} 2. g3 {[%clk 1:31:19]} Nc6
{[%clk 1:30:47]} 3. Bg2 {[%clk 1:31:26]} g6 {[%clk 1:31:09]} 4. Nc3
{[%clk 1:31:26]} Bg7 {[%clk 1:31:26]} 5. a3 {[%clk 1:31:50]} e6 {[%clk 1:31:00]}
6. e4 {[%clk 1:28:26]} Nge7 {[%clk 1:29:29]} 7. Nge2 {[%clk 1:28:43]} O-O
{[%clk 1:28:33]} 8. O-O {[%clk 1:22:09]} d6 {[%clk 1:23:42]} 9. d3
{[%clk 1:16:07]} Nd4 {[%clk 1:20:59]} 10. Rb1 {[%clk 1:12:07]} Nxe2+
{[%clk 1:08:47]} 11. Nxe2 {[%clk 1:11:26]} d5 {[%clk 1:00:04]} 12. Bg5
{[%clk 1:02:24]} f6 {[%clk 0:51:35]} 13. Be3 {[%clk 1:00:32]} d4 {[%clk 0:51:34]}
14. Bd2 {[%clk 1:00:54]} e5 {[%clk 0:49:28]} 15. b4 {[%clk 0:57:53]} b6
{[%clk 0:48:19]} 16. f4 {[%clk 0:52:36]} Qd6 {[%clk 0:35:14]} 17. fxe5
{[%clk 0:45:49]} fxe5 {[%clk 0:35:35]} 18. Rxf8+ {[%clk 0:41:10]} Bxf8
{[%clk 0:35:28]} 19. Qf1 {[%clk 0:39:50]} Qe6 {[%clk 0:28:11]} 20. Qf2
{[%clk 0:33:53]} Qf7 {[%clk 0:19:59]} 21. Qxf7+ {[%clk 0:22:41]} Kxf7
{[%clk 0:20:27]} 22. Rf1+ {[%clk 0:22:45]} Ke8 {[%clk 0:20:32]} 23. b5
{[%clk 0:18:42]} a6 {[%clk 0:18:17]} 24. bxa6 {[%clk 0:18:26]} Rxa6
{[%clk 0:18:06]} 25. Bc1 {[%clk 0:18:46]} Bd7 {[%clk 0:16:34]} 26. Bb2
{[%clk 0:16:26]} Bh6 {[%clk 0:15:33]} 27. Nc1 {[%clk 0:14:32]} b5
{[%clk 0:13:45]} 28. cxb5 {[%clk 0:09:51]} Bxb5 {[%clk 0:14:10]} 29. Bf3
{[%clk 0:10:16]} Rb6 {[%clk 0:09:35]} 30. Bd1 {[%clk 0:06:38]} Bd7
{[%clk 0:08:59]} 31. Bb3 {[%clk 0:06:39]} c4 {[%clk 0:07:39]} 32. dxc4
{[%clk 0:00:34]} Bxc1 {[%clk 0:07:50]} 0-1

[Event "Göteborg Open 2017"]
[Site "Mölnlycke kulturhus, Biblioteksgatan 2, Mölnlycke, Sweden"]
[Date "2017.08.20"]
[Round "8.5"]
[White "Gritsak, Orest"]
[Black "Andréasson, Vincent"]
[Result "1-0"]
[BlackElo "2006"]
[WhiteElo "2474"]
[LiveChessVersion "1.4.8"]

1. d4 {[%clk 1:30:57]} d5 {[%clk 1:30:56]} 2. c4 {[%clk 1:31:14]} c6
{[%clk 1:31:20]} 3. cxd5 {[%clk 1:30:40]} cxd5 {[%clk 1:31:45]} 4. Bg5
{[%clk 1:30:40]} Qb6 {[%clk 1:25:44]} 5. Nc3 {[%clk 1:27:40]} e6 {[%clk 1:24:53]}
6. Qd2 {[%clk 1:27:09]} Be7 {[%clk 1:24:34]} 7. Bxe7 {[%clk 1:25:38]} Nxe7
{[%clk 1:24:53]} 8. e3 {[%clk 1:25:17]} O-O {[%clk 1:25:08]} 9. Bd3
{[%clk 1:21:52]} Nd7 {[%clk 1:21:36]} 10. Nf3 {[%clk 1:15:11]} a6
{[%clk 1:10:56]} 11. O-O {[%clk 1:05:23]} f5 {[%clk 1:07:49]} 12. Rfc1
{[%clk 1:03:01]} Qd6 {[%clk 1:08:02]} 13. Ne2 {[%clk 0:58:45]} Nc6
{[%clk 1:08:06]} 14. Nf4 {[%clk 0:57:42]} b6 {[%clk 1:05:45]} 15. Qc3
{[%clk 0:53:20]} Bb7 {[%clk 1:06:03]} 16. Qa3 {[%clk 0:53:43]} Qxa3
{[%clk 1:01:58]} 17. bxa3 {[%clk 0:52:48]} Rfe8 {[%clk 1:00:36]} 18. Rab1
{[%clk 0:50:14]} h6 {[%clk 1:00:08]} 19. h4 {[%clk 0:49:02]} Kf7 {[%clk 0:58:49]}
20. g4 {[%clk 0:44:56]} g6 {[%clk 0:57:45]} 21. g5 {[%clk 0:44:55]} h5
{[%clk 0:56:14]} 22. Be2 {[%clk 0:37:05]} Rec8 {[%clk 0:54:17]} 23. Nd3
{[%clk 0:36:24]} Ke7 {[%clk 0:50:16]} 24. Kf1 {[%clk 0:33:42]} Kd6
{[%clk 0:50:15]} 25. Ke1 {[%clk 0:33:47]} Ne7 {[%clk 0:46:22]} 26. Rxc8
{[%clk 0:31:36]} Rxc8 {[%clk 0:46:34]} 27. Nfe5 {[%clk 0:30:46]} Nxe5
{[%clk 0:43:16]} 28. dxe5+ {[%clk 0:27:09]} Kc7 {[%clk 0:43:04]} 29. Nf4
{[%clk 0:27:31]} b5 {[%clk 0:39:42]} 30. Nxe6+ {[%clk 0:27:17]} Kb6
{[%clk 0:38:41]} 31. a4 {[%clk 0:26:47]} 1-0

[Event "Göteborg Open 2017"]
[Site "Mölnlycke kulturhus, Biblioteksgatan 2, Mölnlycke, Sweden"]
[Date "2017.08.20"]
[Round "8.6"]
[White "Outgajjouft, Said"]
[Black "Rosberg, Simon"]
[Result "1/2-1/2"]
[BlackElo "2318"]
[WhiteElo "2026"]
[LiveChessVersion "1.4.8"]

1. e4 {[%clk 1:30:59]} c5 {[%clk 1:30:58]} 2. Nc3 {[%clk 1:31:23]} e6
{[%clk 1:31:26]} 3. f4 {[%clk 1:31:36]} Nc6 {[%clk 1:31:54]} 4. Nf3
{[%clk 1:31:57]} a6 {[%clk 1:32:21]} 5. a4 {[%clk 1:31:52]} d5 {[%clk 1:32:28]}
6. d3 {[%clk 1:31:30]} Nf6 {[%clk 1:31:19]} 7. e5 {[%clk 1:27:51]} Ng8
{[%clk 1:31:40]} 8. Ne2 {[%clk 1:27:27]} Nge7 {[%clk 1:31:13]} 9. Be3
{[%clk 1:25:10]} Nf5 {[%clk 1:20:39]} 10. Bf2 {[%clk 1:20:12]} h5
{[%clk 1:21:02]} 11. g3 {[%clk 1:20:05]} Be7 {[%clk 1:18:56]} 12. h4
{[%clk 1:16:38]} b6 {[%clk 1:16:26]} 13. d4 {[%clk 1:13:58]} Bb7 {[%clk 1:13:19]}
14. Bg2 {[%clk 1:10:10]} Rc8 {[%clk 1:10:32]} 15. O-O {[%clk 1:06:25]} Rh6
{[%clk 1:06:08]} 16. Bh3 {[%clk 1:01:15]} Rg6 {[%clk 0:54:35]} 17. Bxf5
{[%clk 0:59:11]} exf5 {[%clk 0:54:58]} 18. Kh2 {[%clk 0:59:26]} a5
{[%clk 0:52:37]} 19. Re1 {[%clk 0:58:45]} Ba6 {[%clk 0:47:15]} 20. Neg1
{[%clk 0:54:47]} cxd4 {[%clk 0:45:52]} 21. Ng5 {[%clk 0:44:21]} Bxg5
{[%clk 0:44:33]} 22. hxg5 {[%clk 0:43:27]} Nb4 {[%clk 0:45:02]} 23. Nf3
{[%clk 0:42:32]} Nxc2 {[%clk 0:32:48]} 24. Nxd4 Nxe1 {[%clk 0:33:14]} 25. Bxe1
{[%clk 0:41:52]} Qd7 {[%clk 0:29:53]} 26. Bc3 {[%clk 0:39:59]} Rc4
{[%clk 0:26:22]} 27. Qxh5 {[%clk 0:37:11]} Rxd4 {[%clk 0:23:20]} 28. Bxd4
{[%clk 0:36:54]} Qc6 {[%clk 0:21:40]} 29. Qd1 {[%clk 0:36:52]} Qc7
{[%clk 0:18:40]} 30. Rc1 {[%clk 0:37:11]} Rc6 {[%clk 0:19:10]} 31. Rxc6
{[%clk 0:36:32]} Qxc6 {[%clk 0:19:38]} 32. Qd2 {[%clk 0:36:34]} Qxa4
{[%clk 0:16:55]} 33. Bxb6 {[%clk 0:36:54]} Qe4 {[%clk 0:16:50]} 34. Qxa5
{[%clk 0:28:37]} Qc2+ {[%clk 0:13:51]} 35. Kg1 {[%clk 0:28:56]} Qb1+
{[%clk 0:13:44]} 36. Kh2 {[%clk 0:29:18]} Qxb2+ {[%clk 0:14:04]} 37. Kg1
{[%clk 0:29:44]} Qb1+ {[%clk 0:12:53]} 38. Kh2 {[%clk 0:29:30]} Qc2+
{[%clk 0:12:19]} 39. Kg1 {[%clk 0:29:54]} Bb7 {[%clk 0:04:33]} 40. Qb5+
{[%clk 0:27:26]} Bc6 {[%clk 0:04:57]} 41. Qc5 {[%clk 0:27:46]} Qxc5+
{[%clk 0:01:47]} 42. Bxc5 {[%clk 0:28:02]} Kd7 {[%clk 0:02:15]} 43. Bd4
{[%clk 0:27:46]} g6 {[%clk 0:02:34]} 44. Kf2 {[%clk 0:28:08]} Ke6
{[%clk 0:02:54]} 45. Ke3 {[%clk 0:28:35]} Be8 {[%clk 0:03:20]} 46. Kd3 1/2-1/2

[Event "Göteborg Open 2017"]
[Site "Mölnlycke kulturhus, Biblioteksgatan 2, Mölnlycke, Sweden"]
[Date "2017.08.20"]
[Round "8.7"]
[White "Nilsson, Joakim"]
[Black "Eriksson, Kristian"]
[Result "1/2-1/2"]
[BlackElo "2085"]
[WhiteElo "2126"]
[LiveChessVersion "1.4.8"]

1. Nf3 {[%clk 1:30:54]} Nf6 {[%clk 1:30:25]} 2. g3 {[%clk 1:31:16]} b6
{[%clk 1:29:39]} 3. Bg2 {[%clk 1:31:39]} Bb7 {[%clk 1:30:00]} 4. O-O
{[%clk 1:32:01]} g6 {[%clk 1:28:11]} 5. b3 {[%clk 1:31:59]} Bg7 {[%clk 1:28:31]}
6. Bb2 {[%clk 1:32:22]} O-O {[%clk 1:28:34]} 7. c4 {[%clk 1:32:25]} d6
{[%clk 1:27:19]} 8. Nc3 {[%clk 1:32:14]} Nbd7 {[%clk 1:26:39]} 9. d4
{[%clk 1:25:07]} Ne4 {[%clk 1:24:26]} 10. Rc1 {[%clk 1:25:22]} Ndf6
{[%clk 1:19:29]} 11. Qc2 {[%clk 1:19:16]} Nxc3 {[%clk 1:13:15]} 12. Bxc3
{[%clk 1:19:00]} e6 {[%clk 1:12:24]} 13. b4 {[%clk 1:14:52]} Qe7 {[%clk 1:09:14]}
14. Rfe1 {[%clk 1:11:45]} Be4 {[%clk 1:02:57]} 15. Qb3 {[%clk 1:11:53]} Rfd8
{[%clk 1:02:27]} 16. Red1 {[%clk 1:10:46]} c5 {[%clk 0:57:41]} 17. dxc5
{[%clk 1:09:56]} dxc5 {[%clk 0:57:45]} 18. b5 {[%clk 1:10:01]} Rxd1+
{[%clk 0:51:43]} 19. Rxd1 {[%clk 1:10:18]} Bxf3 {[%clk 0:51:49]} 20. Bxf3
{[%clk 1:10:36]} Rd8 {[%clk 0:52:09]} 21. Bc6 {[%clk 1:06:34]} Ne8
{[%clk 0:49:09]} 22. Bxg7 {[%clk 1:06:05]} Kxg7 {[%clk 0:47:20]} 23. Qc3+
{[%clk 1:04:58]} Kg8 {[%clk 0:46:32]} 24. Rxd8 {[%clk 1:05:02]} Qxd8
{[%clk 0:46:59]} 25. Bxe8 {[%clk 1:05:10]} Qxe8 {[%clk 0:47:19]} 26. Qd3
{[%clk 1:04:39]} Qe7 {[%clk 0:46:48]} 27. Kg2 {[%clk 1:03:17]} h5
{[%clk 0:39:45]} 28. h4 {[%clk 1:02:28]} Kh7 {[%clk 0:37:54]} 29. e4
{[%clk 0:57:29]} Kg8 {[%clk 0:36:10]} 30. e5 {[%clk 0:55:30]} Qb7+
{[%clk 0:33:29]} 31. Qf3 {[%clk 0:50:31]} Qd7 {[%clk 0:32:29]} 32. Qe4
{[%clk 0:44:51]} Kg7 {[%clk 0:30:40]} 33. Qa8 {[%clk 0:41:32]} Qd4
{[%clk 0:26:02]} 34. Qxa7 {[%clk 0:41:24]} Qxc4 {[%clk 0:16:33]} 35. Qxb6
{[%clk 0:41:48]} Qe4+ {[%clk 0:16:08]} 36. Kh2 {[%clk 0:42:04]} Qc2
{[%clk 0:14:07]} 37. Kg2 {[%clk 0:42:09]} Qe4+ {[%clk 0:13:13]} 38. Kh2
{[%clk 0:42:23]} 1/2-1/2

[Event "Göteborg Open 2017"]
[Site "Mölnlycke kulturhus, Biblioteksgatan 2, Mölnlycke, Sweden"]
[Date "2017.08.20"]
[Round "8.8"]
[White "Andersson, Lars"]
[Black "Berg, Roy"]
[Result "1-0"]
[BlackElo "1933"]
[WhiteElo "2005"]
[LiveChessVersion "1.4.8"]

1. f4 {[%clk 1:30:56]} d5 {[%clk 1:30:47]} 2. Nf3 {[%clk 1:31:20]} Nf6
{[%clk 1:31:07]} 3. g3 {[%clk 1:31:38]} g6 {[%clk 1:31:19]} 4. Bg2
{[%clk 1:32:03]} Bg7 {[%clk 1:31:41]} 5. O-O {[%clk 1:32:25]} O-O
{[%clk 1:31:52]} 6. d3 {[%clk 1:32:49]} c5 {[%clk 1:30:57]} 7. Qe1
{[%clk 1:32:46]} Qb6 {[%clk 1:26:13]} 8. e4 {[%clk 1:28:33]} c4+ {[%clk 1:14:28]}
9. Be3 {[%clk 1:28:07]} Qa6 {[%clk 1:12:18]} 10. e5 {[%clk 1:20:37]} Ng4
{[%clk 1:06:12]} 11. d4 {[%clk 1:11:44]} Bf5 {[%clk 0:58:52]} 12. Nc3
{[%clk 1:01:01]} e6 {[%clk 0:46:57]} 13. Rc1 {[%clk 0:58:59]} Nc6
{[%clk 0:42:44]} 14. h3 {[%clk 0:54:20]} Nxe3 {[%clk 0:38:39]} 15. Qxe3
{[%clk 0:54:41]} h5 {[%clk 0:35:08]} 16. Nh4 {[%clk 0:36:17]} Be4
{[%clk 0:27:17]} 17. Nxe4 {[%clk 0:31:02]} dxe4 {[%clk 0:26:45]} 18. Bxe4
{[%clk 0:31:22]} Rfd8 {[%clk 0:21:31]} 19. c3 {[%clk 0:30:40]} Qxa2
{[%clk 0:18:54]} 20. g4 {[%clk 0:29:44]} hxg4 {[%clk 0:12:05]} 21. hxg4
{[%clk 0:30:04]} Bh6 {[%clk 0:11:47]} 22. Rc2 {[%clk 0:24:30]} Kf8
{[%clk 0:07:38]} 23. Rh2 {[%clk 0:24:22]} Ke8 {[%clk 0:05:44]} 24. Nxg6
{[%clk 0:23:06]} Kd7 {[%clk 0:04:17]} 25. Rxh6 {[%clk 0:21:24]} fxg6
{[%clk 0:03:32]} 26. d5 {[%clk 0:16:11]} exd5 {[%clk 0:02:45]} 27. Bxd5
{[%clk 0:16:23]} Rh8 {[%clk 0:02:37]} 28. Bxc6+ {[%clk 0:09:43]} bxc6
{[%clk 0:00:40]} 29. e6+ {[%clk 0:09:01]} Kc7 {[%clk 0:01:04]} 30. Qe5+
{[%clk 0:09:14]} Kb6 {[%clk 0:01:12]} 31. Rxh8 {[%clk 0:09:34]} 1-0